<?xml version="1.0" encoding="UTF-8"?><?xml-stylesheet type="text/xsl" href="static/style.xsl"?><OAI-PMH xmlns="http://www.openarchives.org/OAI/2.0/" xmlns:xsi="http://www.w3.org/2001/XMLSchema-instance" xsi:schemaLocation="http://www.openarchives.org/OAI/2.0/ http://www.openarchives.org/OAI/2.0/OAI-PMH.xsd"><responseDate>2026-04-13T05:59:11Z</responseDate><request verb="GetRecord" identifier="oai:www.recercat.cat:10230/72954" metadataPrefix="marc">https://recercat.cat/oai/request</request><GetRecord><record><header><identifier>oai:recercat.cat:10230/72954</identifier><datestamp>2026-04-03T00:10:48Z</datestamp><setSpec>com_2072_6</setSpec><setSpec>col_2072_452952</setSpec></header><metadata><record xmlns="http://www.loc.gov/MARC21/slim" xmlns:dcterms="http://purl.org/dc/terms/" xmlns:xsi="http://www.w3.org/2001/XMLSchema-instance" xmlns:doc="http://www.lyncode.com/xoai" xsi:schemaLocation="http://www.loc.gov/MARC21/slim http://www.loc.gov/standards/marcxml/schema/MARC21slim.xsd">
   <leader>00925njm 22002777a 4500</leader>
   <datafield ind2=" " ind1=" " tag="042">
      <subfield code="a">dc</subfield>
   </datafield>
   <datafield ind2=" " ind1=" " tag="720">
      <subfield code="a">Leysen, Laurence</subfield>
      <subfield code="e">author</subfield>
   </datafield>
   <datafield ind2=" " ind1=" " tag="720">
      <subfield code="a">Ferrer Forés, Maria Montserrat</subfield>
      <subfield code="e">author</subfield>
   </datafield>
   <datafield ind2=" " ind1=" " tag="720">
      <subfield code="a">EUonQOL consortium</subfield>
      <subfield code="e">author</subfield>
   </datafield>
   <datafield ind2=" " ind1=" " tag="260">
      <subfield code="c">2026-04-01T12:58:30Z</subfield>
   </datafield>
   <datafield ind2=" " ind1=" " tag="260">
      <subfield code="c">2026-04-01T12:58:30Z</subfield>
   </datafield>
   <datafield ind2=" " ind1=" " tag="260">
      <subfield code="c">2025</subfield>
   </datafield>
   <datafield ind2=" " ind1=" " tag="260">
      <subfield code="c">2026-04-01T12:58:30Z</subfield>
   </datafield>
   <datafield ind2=" " ind1=" " tag="520">
      <subfield code="a">Introduction Over the past decades, there has been increasing recognition that assessing patients with cancer&amp;apos;s health-related quality of life (HRQoL) is pivotal to delivering optimal patient-centred healthcare. However, with the increasing number of patient-reported outcome measures (PROMs) available, it becomes more and more challenging to identify the most appropriate PROM to capture HRQoL. Therefore, the aim of this systematic review is to (1) identify all available PROMs assessing HRQoL across the European cancer continuum and (2) critically appraise, compare and summarise the psychometric properties of the identified PROMs. Methods and analysis Bibliographic databases MEDLINE and PubMed Central (through PubMed) and EMBASE (through Scopus) will be comprehensively searched from database inception until March 2024. Studies reporting on the measurement properties of PROMs assessing HRQoL throughout the European cancer continuum will be included. The evaluation of the psychometric properties, data extraction and data synthesis will be conducted according to the Consensus-based Standards for the selection of health Measurement Instruments (COSMIN) methodology. Two reviewers will independently assess the methodological quality using the COSMIN risk of bias checklist and the COSMIN criteria for good measurement properties. Subsequently, findings will be qualitatively summarised. The Grading of Recommendations Assessment, Development and Evaluations (GRADE) guidelines will be used to grade and summarise the quality of the evidence. Ethics and dissemination Ethical clearance for this research is not required, as the systematic review will only use information from previously published research. The results of this review will be submitted for publication in a peer-reviewed journal and will be used to provide a set of evidence-based recommendations for a European project (EUonQOL), which aims at developing a new PROM (EUonQOL toolkit) to assess HRQoL across the European cancer continuum. Moreover, findings will be disseminated to a clinical audience and policymakers through conferences, supporting researchers and clinicians in choosing the best measure to evaluate HRQoL in patients with cancer and survivors in Europe.</subfield>
   </datafield>
   <datafield ind2=" " ind1=" " tag="520">
      <subfield code="a">This work was supported by the European Union&amp;apos;s Horizon Europe Research and Innovation Programme under Grant Agreement Number 101096362.</subfield>
   </datafield>
   <datafield ind1="8" ind2=" " tag="024">
      <subfield code="a">https://hdl.handle.net/10230/72954</subfield>
   </datafield>
   <datafield tag="653" ind2=" " ind1=" ">
      <subfield code="a">Oncology</subfield>
   </datafield>
   <datafield tag="653" ind2=" " ind1=" ">
      <subfield code="a">Patient reported outcome measures</subfield>
   </datafield>
   <datafield tag="653" ind2=" " ind1=" ">
      <subfield code="a">Psychometrics</subfield>
   </datafield>
   <datafield tag="653" ind2=" " ind1=" ">
      <subfield code="a">Qualitative research</subfield>
   </datafield>
   <datafield tag="653" ind2=" " ind1=" ">
      <subfield code="a">Quality of life</subfield>
   </datafield>
   <datafield tag="653" ind2=" " ind1=" ">
      <subfield code="a">Systematic review</subfield>
   </datafield>
   <datafield ind2="0" ind1="0" tag="245">
      <subfield code="a">Evaluation of the psychometric properties of patient-reported outcome measures of health-related quality of life across the European cancer continuum: a systematic review protocol using COSMIN methodology</subfield>
   </datafield>
</record></metadata></record></GetRecord></OAI-PMH>